000 00757nam a2200205 a 4500
001 BRCA_4081
005 20190320204534.0
008 180210s2009----mx-a######---#000-0#spa-#
020 _a9786077611158
041 _aspa
044 _amx
050 4 _aNK4210.W5
_b.A78 2009
245 1 0 _aArtes y oficios en la obra de Jorge Wilmot.
260 _aMéxico
_bSecretaría de Cultura del Gobierno del Distrito Federal
_c2009
300 _a35 p.
_bil. a color
_c25 cm.
500 _aCatálogo de la exposición realizada en el Museo de Arte Popular (Ciudad de México), 15 agosto - 15 noviembre, 2009
600 1 4 _aWilmot, Jorge
_d1928-
_vExposiciones
_xColecciones de arte
_91405
650 1 4 _aCeramica mexicana
_vExposiciones
_ySiglo XIX-XX
_91406
942 _2lcc
_cB
999 _c3803
_d3803